00692 2200217 4500001002100000005001500021035002500036008004100061245007200102100002000174250000600194260008400200300004100284020002200325082000800347084001000355520003700365650003600402990001800438990001800456INLIS00000000000366620240112033321 a0010-121900000003666240112 | ind 1 aRagam Kreasi Kado Cantik Simpel dan Mudah dibuat /cDesi Hendrayani0 aDesi Hendrayani a1 aHijaz Pustaka Mandiri : Yogyakarta :bHijaz Pustaka Mandiri : Yogyakarta,c2018 a17x24cm, 134 hlm ;c17x24cm, 134 hlm a978-602-5790-16-4 a700 a746.4 aHibah Perpusnas 2018 14 Nov 2018 4aRagam Kreasi Kado Cantik, 746.4 aB201901038976 aB201901049094